[Event "Kostroma Summer"]
[Site "Kostroma"]
[Date "2013.07.12"]
[Round "9"]
[White "Mikhailov, Viacheslav"]
[Black "Druzhinin, Alexey Vas"]
[Result "1-0"]
[WhiteElo "2295"]
[BlackElo "2309"]
[PlyCount "82"]
[EventDate "2013.07.04"]
[EventType "tourn"]
[EventRounds "9"]
[EventCountry "RUS"]
[EventCategory "1"]
[SourceTitle "EXT 2014"]
[Source "ChessBase"]
[SourceDate "2013.11.20"]
[SourceVersion "1"]
[SourceVersionDate "2013.11.20"]
[SourceQuality "1"]

1. e4 d5 2. exd5 Nf6 3. d4 Nxd5 4. Nf3 Bg4 5. c4 Nf6 6. Be3 e6 7. Nc3 c6 8. Be2 Nbd7 9. 0-0 Bd6 10. d5 cxd5 11. cxd5 exd5 12. Nxd5 Nxd5 13. Qxd5 Nf6 14. Qxb7 0-0 15. Rfd1 Qc7 16. Qxc7 Bxc7 17. h3 Be6 18. Nd4 Bd7 19. Bf3 Rab8 20. Rac1 Be5 21. b3 Rfd8 22. Rc5 Bxd4 23. Rxd4 a6 24. Bf4 Rbc8 25. Rxc8 Rxc8 26. Bb7 Re8 27. Bxa6 Ra8 28. Rd6 Kf8 29. b4 Ke7 30. b5 Ne4 31. Rd3 f5 32. f3 Nf6 33. b6 Bc6 34. b7 Bxb7 35. Bxb7 Rxa2 36. Bg5 h6 37. Bxf6+ Kxf6 38. Rd6+ Kg5 39. Bd5 Rd2 40. g3 g6 41. f4+ Kh5 1-0

[Event "Kostroma Summer"]
[Site "Kostroma"]
[Date "2013.07.07"]
[Round "4"]
[White "Druzhinin, Alexey Vas"]
[Black "Ganzhurov, Roman"]
[Result "0-1"]
[WhiteElo "2309"]
[BlackElo "2267"]
[PlyCount "106"]
[EventDate "2013.07.04"]
[EventType "tourn"]
[EventRounds "9"]
[EventCountry "RUS"]
[EventCategory "1"]
[SourceTitle "EXT 2014"]
[Source "ChessBase"]
[SourceDate "2013.11.20"]
[SourceVersion "1"]
[SourceVersionDate "2013.11.20"]
[SourceQuality "1"]

1. e4 c5 2. Nf3 Nc6 3. d4 cxd4 4. Nxd4 g6 5. Bc4 Bg7 6. Be3 Nf6 7. Nc3 0-0 8. h3 Nxe4 9. Nxe4 d5 10. Bb5 Nxd4 11. Bxd4 dxe4 12. Bxg7 Kxg7 13. Qxd8 Rxd8 14. Ke2 Be6 15. Ke3 Rac8 16. Ba4 Kf6 17. a3 Rc4 18. Bb3 Rcd4 19. Bxe6 Kxe6 20. Rhe1 f5 21. h4 Ke5 22. g3 Rd2 23. f4+ exf3 24. Kxf3+ Kf6 25. Re2 e5 26. Rae1 e4+ 27. Ke3 Rd1 28. a4 h6 29. b4 g5 30. hxg5+ hxg5 31. b5 Ke5 32. Rxd1 Rxd1 33. Rh2 f4+ 34. gxf4+ gxf4+ 35. Ke2 Ra1 36. Rh7 Rxa4 37. Rxb7 Ra2 38. Rc7 Kd4 39. Rd7+ Kc5 40. Kd2 Kxb5 41. Rf7 f3 42. Ke3 Ra4 43. Rc7 a5 44. c3 Rc4 45. Rf7 a4 46. Kd2 a3 47. Rb7+ Ka6 48. Rb3 Ra4 49. Rb1 a2 50. Ra1 Kb5 51. Ke3 Kc4 52. Kxe4 Kxc3+ 53. Kxf3 Kb2 0-1

[Event "Saratov Shestoperov Memorial"]
[Site "Saratov"]
[Date "2012.08.31"]
[Round "7"]
[White "Mamonov, Alexey"]
[Black "Druzhinin, Alexey Vas"]
[Result "1-0"]
[WhiteElo "1871"]
[BlackElo "2309"]
[PlyCount "79"]
[EventDate "2012.08.25"]
[EventType "swiss"]
[EventRounds "9"]
[EventCountry "RUS"]
[SourceTitle "CBM 150 Extra"]
[Source "ChessBase"]
[SourceDate "2012.10.19"]
[SourceVersion "1"]
[SourceVersionDate "2012.10.19"]
[SourceQuality "1"]

1. d4 d5 2. Nf3 Nc6 3. g3 g6 4. Bg2 Bg7 5. 0-0 Nf6 6. c4 e6 7. Nc3 0-0 8. Bg5 Ne7 9. Rc1 c6 10. Ne5 Nd7 11. Nxd7 Qxd7 12. c5 Nf5 13. e3 f6 14. g4 fxg5 15. gxf5 gxf5 16. Kh1 g4 17. b4 a6 18. Na4 Qf7 19. Nb6 Rb8 20. a4 Qc7 21. Rb1 Bd7 22. Rg1 Kh8 23. Bf1 Be8 24. b5 axb5 25. axb5 cxb5 26. Qb3 Bc6 27. Bxb5 Rfd8 28. Ra1 e5 29. Bxc6 bxc6 30. Qd3 e4 31. Qd2 h5 32. Ra6 Re8 33. Rga1 Rb7 34. Qc2 f4 35. Qa4 Re6 36. Nxd5 Qd7 37. Nxf4 Rh6 38. Rd1 Kh7 39. d5 cxd5 40. c6 1-0

[Event "Saratov Shestoperov Memorial"]
[Site "Saratov"]
[Date "2012.08.25"]
[Round "5"]
[White "Karavaeva, Anastasia"]
[Black "Druzhinin, Alexey Vas"]
[Result "1-0"]
[WhiteElo "1821"]
[BlackElo "2309"]
[PlyCount "79"]
[EventDate "2012.08.25"]
[EventType "swiss"]
[EventRounds "9"]
[EventCountry "RUS"]
[SourceTitle "CBM 150 Extra"]
[Source "ChessBase"]
[SourceDate "2012.10.19"]
[SourceVersion "1"]
[SourceVersionDate "2012.10.19"]
[SourceQuality "1"]

1. e4 e5 2. Bc4 Bc5 3. Nf3 Nc6 4. c3 d6 5. d3 h6 6. Nbd2 Nf6 7. h3 0-0 8. Bb3 Be6 9. 0-0 Ne7 10. Re1 Ng6 11. Nf1 c6 12. Qe2 Qb6 13. Bxe6 fxe6 14. b4 Bxb4 15. Rb1 c5 16. cxb4 cxb4 17. Be3 Qb5 18. Qd2 a5 19. Ng3 Qd7 20. Rec1 d5 21. exd5 exd5 22. Bc5 Rfe8 23. Qb2 Nf4 24. Nxe5 Rxe5 25. Qxe5 Nxd3 26. Qd4 Nxc1 27. Rxc1 Rc8 28. Rd1 Rc6 29. Re1 Qc8 30. Be7 Qd7 31. Bxf6 Rxf6 32. Re5 Qc6 33. Rxd5 Qc2 34. Rxa5 Qc1+ 35. Kh2 Qc2 36. Ra8+ Kh7 37. Qe4+ Qxe4 38. Nxe4 Re6 39. f3 Kg6 40. Nc5 1-0

[Event "Moscow Jan"]
[Site "Moscow"]
[Date "2007.01.18"]
[Round "9"]
[White "Druzhinin, Alexey Vas"]
[Black "Zharov, Dmitry"]
[Result "1/2-1/2"]
[WhiteElo "2280"]
[BlackElo "2330"]
[PlyCount "39"]
[EventDate "2007.01.10"]
[EventType "tourn"]
[EventRounds "15"]
[EventCountry "RUS"]
[SourceTitle "EXT 2010"]
[Source "ChessBase"]
[SourceDate "2010.11.25"]
[SourceVersion "1"]
[SourceVersionDate "2010.11.25"]
[SourceQuality "1"]

1. Nf3 Nf6 2. c4 c5 3. d4 cxd4 4. Nxd4 e5 5. Nb5 Bb4+ 6. Bd2 Bc5 7. Bc3 Qb6 8. e3 a6 9. b4 axb5 10. bxc5 Qxc5 11. cxb5 0-0 12. Qb3 d6 13. Bb4 Qb6 14. Nc3 Be6 15. Qd1 Rc8 16. Rc1 d5 17. Nxd5 Rxc1 18. Nxf6+ gxf6 19. Qxc1 Rxa2 20. Bd3 1/2-1/2

[Event "Moscow Jan"]
[Site "Moscow"]
[Date "2007.01.17"]
[Round "8"]
[White "Vinogradov, Sergey Al"]
[Black "Druzhinin, Alexey Vas"]
[Result "0-1"]
[WhiteElo "2138"]
[BlackElo "2280"]
[PlyCount "58"]
[EventDate "2007.01.10"]
[EventType "tourn"]
[EventRounds "15"]
[EventCountry "RUS"]
[SourceTitle "EXT 2010"]
[Source "ChessBase"]
[SourceDate "2010.11.25"]
[SourceVersion "1"]
[SourceVersionDate "2010.11.25"]
[SourceQuality "1"]

1. c4 e5 2. Nc3 Nf6 3. e4 Bb4 4. Nge2 0-0 5. a3 Be7 6. d4 d6 7. b3 exd4 8. Nxd4 c6 9. Be3 d5 10. Qc2 dxe4 11. Nxe4 Re8 12. Nxf6+ Bxf6 13. 0-0-0 Qc7 14. Bd3 g6 15. h4 c5 16. Nf3 b6 17. Rdg1 Bb7 18. Nd2 Bg7 19. g4 Bxh1 20. Rxh1 Nd7 21. h5 Qe5 22. hxg6 hxg6 23. Bh6 Bxh6 24. Rxh6 Qa1+ 25. Nb1 Re1+ 26. Kd2 Rae8 27. Nc3 Rf1 28. Nd1 Rxf2+ 29. Nxf2 Qe1# 0-1

[Event "Moscow Jan"]
[Site "Moscow"]
[Date "2007.01.16"]
[Round "7"]
[White "Druzhinin, Alexey Vas"]
[Black "Babanov, Alexander V"]
[Result "1-0"]
[WhiteElo "2280"]
[BlackElo "2127"]
[PlyCount "41"]
[EventDate "2007.01.10"]
[EventType "tourn"]
[EventRounds "15"]
[EventCountry "RUS"]
[SourceTitle "EXT 2010"]
[Source "ChessBase"]
[SourceDate "2010.11.25"]
[SourceVersion "1"]
[SourceVersionDate "2010.11.25"]
[SourceQuality "1"]

1. Nf3 f5 2. e4 fxe4 3. Ng5 Nf6 4. d3 exd3 5. Bxd3 g6 6. h4 e6 7. h5 Rg8 8. Nxh7 Nxh7 9. Bxg6+ Rxg6 10. hxg6 Nf6 11. Rh8 Ke7 12. g7 Bxg7 13. Rxd8 Kxd8 14. Bg5 Ke7 15. Qh5 Kf8 16. Qg6 Ng8 17. Nc3 d6 18. 0-0-0 Nc6 19. Nb5 Ne5 20. Qh5 Nf7 21. Nxc7 1-0